MARC

LEADER 00000nam0a2200000 4500
001 250897
005 20231101232615.0
010 |a 5737002071 
035 |a (RuTPU)RU\TPU\book\273134 
090 |a 250897 
100 |a 20140217d1988 m y0rusy50 ca 
101 0 |a rus 
102 |a RU 
105 |a ac z 001zb 
200 1 |a Анатолий Захариевич Давыдов  |f Н. С. Кутейникова 
210 |a Ленинград  |c Художник РСФСР  |d 1988 
215 |a 128 с.  |c ил. 
320 |a Библиогр.: с. 125-127. 
600 1 |a Давыдов  |b А. З.  |c художник  |f 1923-  |g Анатолий Захарович  |2 stltpush  |3 (RuTPU)RU\TPU\pers\32073 
606 1 |a Живописцы  |2 stltpush  |3 (RuTPU)RU\TPU\subj\10834  |9 37852 
610 1 |a художники 
610 1 |a биографии 
610 1 |a персоналии 
610 1 |a жизнь 
610 1 |a творчество 
610 1 |a искусство 
610 1 |a живопись 
610 1 |a портретная живопись 
610 1 |a пейзаж 
675 |a 75.071.1(092)  |v 3 
700 1 |a Кутейникова  |b Н. С.  |g Нина Сергеевна 
801 1 |a RU  |b 63413507  |c 20140217 
801 2 |a RU  |b 63413507  |c 20140328  |g RCR 
942 |c BK